| 000 | 00832nam a2200253 4500 | ||
|---|---|---|---|
| 001 | 28185 | ||
| 003 | BD-RjUL | ||
| 005 | 20211209051240.0 | ||
| 008 | 690902r19421922nyu b 001 0ceng d | ||
| 035 | _a(BD-RjUL)28266 | ||
| 040 |
_aDLC _cDLC _dDLC _dBD-RjUL _beng |
||
| 041 | _aeng | ||
| 082 | 0 | 0 |
_a920.073 _bBRA 1942 |
| 100 | 1 |
_aBradford, Gamaliel, _d1863-1932. _986333 |
|
| 245 | 1 | 0 |
_aAmerican portraits, 1875-1900 / _cGamaliel Bradford. |
| 260 |
_aPort Washington, N.Y. : _bKennikat Press, _cc1922 [impression 1942]. |
||
| 300 |
_axii, 248 p. ; _c22 cm. |
||
| 490 | 0 | _aEssay and general literature index reprint series | |
| 504 | _aBibliographical references included in "Notes" (p. 227-241) and index. | ||
| 651 | 0 |
_aUnited States _xBiography. _959719 |
|
| 942 |
_2ddc _cBK |
||
| 999 |
_c28185 _d28185 |
||